| Registos Bibliográficos associados ao registo de autoridade |
|
Etiqueta de registo: 00000nkm 2200025 450 001 2270511 003 http://id.bnportugal.gov.pt/bib/catbnp/2270511 100 ## $a20260220d1988 m y0pory01030103ba 101 0# $apor 102 ## $aPT 200 1# $aCongresso Internacional Bartolomeu Dias e a sua época, Vila Nova de Gaia, 21 a 24
de setembro de 1988$bVisual gráfico]$fComissão Nacional para as Comemorações dos Descobrimentos Portugueses, Câmara Municipal
Vila Nova de Gaia$gDesign: Afons'eiro, atelier C.R.L. 210 #9 $a[S.l.]$cComissão Nacional para as Comemorações dos Descobrimentos Portugueses,$d1988$e[S.l.]:$gRocha/Artes Gráficas) 215 ## $a1 cartaz$ccolor.$d68x48 cm 317 ## $aColeção Madeira Luís 710 02 $aComissão Nacional para as Comemorações dos Descobrimentos Portugueses$331064 711 01 $aVila Nova de Gaia.$bCâmara Municipal$320628 712 02 $aAfons'eiro$4410$328891 712 02 $aAtelier C.R.L.$31986914 801 #0 $aPT$bBN$gRPC 966 ## $lBN$mICONOG$sCT. 22228 A.$x3 971 ## $cCaticonografia9$d20260223 995 ## $aPRR2026 $d20260223$iCaticonografia9
|
|
|